000 00430cam a22001337a 4500
008 180718b1987 xxu||||| |||| 00| 0 eng d
082 _aA81x54 In2/81/16/Pt8A&B/2
100 _aCensus of India 1981
245 _aOrissa: household tables
260 _aDelhi
_bThe Controller of Publications
_c1987
300 _a729+p.
440 _aCensus of India 1981. Series-16, Orissa. Part-VIII A & B (ii)
500 _aContents: HH-6 to HH-17
999 _c483150
_d483150